000 00367 a2200157 4500
001 12673
020 _a9788502091979
040 _cAnchieta - Aquarius
100 _aClark, Julie Aigner
240 1 0 _a*O mundo colorido de Van Gogh
_lpor
245 1 0 _a*O mundo colorido de Van Gogh
300 _a10
362 0 _a2011
650 4 _aLiteratura infantil
942 _cBK
999 _c12673
_d12673